Statistics for Spanish City Names in English

Click here to take the quiz!

General Stats

  • This quiz has been taken 42 times
    (24 since last reset)
  • The average score is 8 of 15

Answer Stats

CityStateCity in Spanish% Correct
The AngelsCaliforniaLos Angeles
100%
Saint FrancisCaliforniaSan Francisco
100%
SacramentCaliforniaSacramento
95%
Saint AnthonyTexasSan Antonio
90%
The PassTexasEl Paso
76%
YellowTexasAmarillo
62%
Holy CrossCaliforniaSanta Cruz
52%
Good ViewCaliforniaBuena Vista
48%
The MeadowsNevadaLas Vegas
48%
Holy FaithTexasSanta Fe
48%
Mouse MouthFloridaBoca Raton
43%
King's MountainCaliforniaMonterey
24%
GarlicArizonaAjo
19%
Ash TreeCaliforniaFresno
14%
Poplar GroveCaliforniaAlameda
5%

Score Distribution

Percentile by Number Answered

Percent of People with Each Score

Your Score History

You have not taken this quiz since the last reset